[Event "First Saturday 2010 december FM-C"]
[Site "Budapest"]
[Date "2010.12.04"]
[Round "1.1"]
[White "Jones, Peter"]
[Black "Szabo, Miklos"]
[Result "1/2-1/2"]
[WhiteElo "1425"]
[BlackElo "1394"]
[PlyCount "36"]
[EventDate "2010.12.04"]

1. d4 d5 2. Bf4 Nf6 3. e3 c5 4. Bb5+ Bd7 5. Bxd7+ Nbxd7 6. dxc5 Qa5+ 7. Nd2 e6
8. Ngf3 Nxc5 9. O-O Be7 10. a3 Nce4 11. b4 Qd8 12. Nxe4 dxe4 13. Ne5 O-O 14. h3
Nd5 15. Qg4 Nf6 16. Qg3 Nh5 17. Qg4 Nf6 18. Qg3 Nh5 1/2-1/2

[Event "First Saturday 2010 december FM-C"]
[Site "Budapest"]
[Date "2010.12.05"]
[Round "1.2"]
[White "Kelemen, Lajos dr"]
[Black "Szabo, Miklos"]
[Result "1-0"]
[WhiteElo "1451"]
[BlackElo "1394"]
[PlyCount "25"]
[EventDate "2010.12.04"]

1. d4 d5 2. c4 e6 3. Nf3 Nf6 4. g3 Bb4+ 5. Bd2 Be7 6. Bg2 dxc4 7. Qc2 O-O 8.
O-O Nc6 9. Qxc4 Bd7 10. a4 a5 11. Bf4 Bd6 12. Ne5 Nxe5 13. dxe5 1-0

[Event "First Saturday 2010 december FM-C"]
[Site "Budapest"]
[Date "2010.12.05"]
[Round "1.2"]
[White "Merk, Andras"]
[Black "Jones, Peter"]
[Result "1/2-1/2"]
[WhiteElo "1538"]
[BlackElo "1425"]
[PlyCount "56"]
[EventDate "2010.12.04"]

1. e4 b6 2. d4 Bb7 3. Nc3 Nf6 4. Bc4 e6 5. d5 Be7 6. Nf3 exd5 7. exd5 d6 8. O-O
Qd7 9. Ng5 Ba6 10. Bxa6 Nxa6 11. Qd3 Nc5 12. Qb5 h6 13. Nf3 Nfe4 14. Qxd7+ Kxd7
15. Nb5 Nf6 16. Nfd4 Nxd5 17. c4 Nf6 18. b4 Ne6 19. Nxe6 fxe6 20. a4 g5 21. a5
d5 22. cxd5 Nxd5 23. axb6 axb6 24. Bb2 Rhg8 25. Be5 Bxb4 26. Rad1 Bd6 27. Nxd6
cxd6 28. Bd4 Ra4 1/2-1/2

[Event "First Saturday 2010 december FM-C"]
[Site "Budapest"]
[Date "2010.12.06"]
[Round "1.3"]
[White "Vujosevics, Eszter"]
[Black "Kelemen, Lajos dr"]
[Result "0-1"]
[WhiteElo "1334"]
[BlackElo "1451"]
[PlyCount "78"]
[EventDate "2010.12.04"]

1. e4 c5 2. Nf3 e6 3. c4 Nc6 4. d4 cxd4 5. Nxd4 Nf6 6. Nc3 a6 7. Be2 Bd6 8. O-O
Qc7 9. g3 O-O 10. Bf3 Ne5 11. Be2 Nxc4 12. Bf3 Ne5 13. Bg2 Bc5 14. Nce2 Qb6 15.
b3 Nc6 16. Bb2 Nxd4 17. Nxd4 d5 18. Nc2 Nxe4 19. Bxe4 dxe4 20. Qg4 f6 21. Qxe4
e5 22. b4 Be7 23. Rad1 Be6 24. Rfe1 Rad8 25. a3 a5 26. Bc1 axb4 27. axb4 Bb3
28. Be3 Qb5 29. Rb1 Bd5 30. Qf5 Qc6 31. Rec1 Be4 32. Qg4 f5 33. Qe2 Bh1 34. Qf1
f4 35. Ba7 Rd2 36. Nd4 Qd5 37. Qh3 Be4 38. Ra1 exd4 39. Ra5 b5 0-1

[Event "First Saturday 2010 december FM-C"]
[Site "Budapest"]
[Date "2010.12.06"]
[Round "1.3"]
[White "Szabo, Miklos"]
[Black "Merk, Andras"]
[Result "1/2-1/2"]
[WhiteElo "1394"]
[BlackElo "1538"]
[PlyCount "112"]
[EventDate "2010.12.04"]

1. d4 Nf6 2. c4 g6 3. Nf3 Bg7 4. Nc3 d5 5. cxd5 Nxd5 6. e4 Nxc3 7. bxc3 O-O 8.
Bd3 c5 9. Be3 Nc6 10. Rc1 cxd4 11. cxd4 Nxd4 12. Nxd4 Bxd4 13. Bh6 Qa5+ 14. Kf1
Bg7 15. Bxg7 Kxg7 16. Qb3 b6 17. Rc7 Qe5 18. Qc2 Qa1+ 19. Qb1 Qxb1+ 20. Bxb1 e6
21. Ke2 Ba6+ 22. Ke3 Rfc8 23. Rhc1 Kf6 24. f4 Re8 25. e5+ Kg7 26. Be4 Rac8 27.
R1c6 Bb5 28. Rxc8 Bxc6 29. Rxe8 Bxe8 30. Bb7 f6 31. Kd4 f5 32. g3 h6 33. Bc8
Kf7 34. h4 Ke7 35. Ba6 Bd7 36. Kc4 Kf7 37. Kb4 g5 38. a4 Kg6 39. Bb5 a5+ 40.
Kc4 Bc8 41. Be8+ Kg7 42. Kb5 gxf4 43. gxf4 Bb7 44. Kxb6 Bd5 45. Kxa5 Kf8 46.
Bh5 Ke7 47. Kb6 Kd7 48. Be2 Kc8 49. Ka7 Kc7 50. Bb5 Be4 51. Be8 Bd5 52. Bb5 Kd8
53. Kb8 Be4 54. Ba6 Bc6 55. a5 Ke7 56. Bb7 Bb5 1/2-1/2

[Event "First Saturday 2010 december FM-C"]
[Site "Budapest"]
[Date "2010.12.07"]
[Round "1.4"]
[White "Kelemen, Lajos Dr"]
[Black "Merk, Andras"]
[Result "0-1"]
[WhiteElo "1451"]
[BlackElo "1538"]
[PlyCount "89"]
[EventDate "2010.12.04"]

1. d4 Nf6 2. c4 g6 3. g3 Bg7 4. Bg2 c5 5. d5 O-O 6. Nf3 b5 7. cxb5 Qa5+ 8. Nc3
Ne4 9. O-O Nxc3 10. bxc3 Qxb5 11. Bd2 Qc4 12. Qe1 d6 13. e4 f5 14. exf5 Rxf5
15. Qxe7 Bf8 16. Qh4 Ba6 17. Rfe1 Qxh4 18. Nxh4 Rf7 19. Re8 Re7 20. Rxe7 Bxe7
21. Re1 Kf7 22. Nf3 Nd7 23. Ng5+ Bxg5 24. Bxg5 Ne5 25. f4 Nd3 26. Re7+ Kg8 27.
Rd7 Re8 28. Rd8 Rxd8 29. Bxd8 Kf7 30. Bh3 Ke8 31. Bc7 Ke7 32. Bb8 Bc4 33. Bg2
Bxa2 34. Bxa7 Ne1 35. Be4 Bc4 36. Kf2 Nd3+ 37. Ke3 Nb2 38. Kd2 Kd7 39. Bb6 Bb3
40. f5 Nc4+ 41. Kd3 Nxb6 42. f6 Nxd5 43. g4 Nf4+ 44. Ke3 Nh3 45. Bd3 0-1

[Event "First Saturday 2010 december FM-C"]
[Site "Budapest"]
[Date "2010.12.07"]
[Round "1.4"]
[White "Vujosevics, Eszter"]
[Black "Jones, Peter"]
[Result "1-0"]
[WhiteElo "1334"]
[BlackElo "1425"]
[PlyCount "139"]
[EventDate "2010.12.04"]

1. e4 b6 2. d4 Bb7 3. Nc3 Nf6 4. e5 Nd5 5. Nxd5 Bxd5 6. Bf4 e6 7. Bb5 Bxg2 8.
f3 Bxh1 9. Qe2 Bb4+ 10. c3 Be7 11. Bd3 Bf8 12. O-O-O Be7 13. Nh3 d6 14. Rxh1
dxe5 15. Bxe5 Bg5+ 16. Kb1 O-O 17. Qe4 g6 18. Qxa8 Nd7 19. Qxd8 Bxd8 20. Bf4
Nf6 21. Ng5 Nd5 22. Bd2 a5 23. Nh3 Be7 24. Rg1 c5 25. dxc5 Bxc5 26. Rg2 Rd8 27.
Bc2 Be3 28. c4 Bxd2 29. Rxd2 Nc3+ 30. Kc1 Nxa2+ 31. Kd1 Rc8 32. Bb3 Nb4 33. Rd6
Rb8 34. Rd7 b5 35. cxb5 Rxb5 36. f4 Nc6 37. Ba4 Rc5 38. Rc7 Rd5+ 39. Kc2 Nb4+
40. Kb1 Rh5 41. Rc3 e5 42. Bd1 Rf5 43. Bg4 Rf6 44. fxe5 Ra6 45. Rc7 Nd5 46. Rb7
Ne3 47. Bd7 Nc4 48. Ng5 Nxe5 49. Bb5 Rd6 50. Re7 Rd5 51. Be8 Rd1+ 52. Kc2 Rf1
53. h4 h6 54. Ne4 Rf5 55. Ng3 Rf2+ 56. Kd1 Rf3 57. Ne2 Rf1+ 58. Kd2 Nc4+ 59.
Kc3 Nb6 60. Ra7 Kf8 61. Bb5 Rf3+ 62. Kd4 Rh3 63. Kc5 g5 64. Kxb6 Rxh4 65. Rxa5
g4 66. Ra4 Rh2 67. Rxg4 Rh1 68. Rf4 Rb1 69. b4 Rh1 70. Bc4 1-0

[Event "First Saturday 2010 december FM-C"]
[Site "Budapest"]
[Date "2010.12.08"]
[Round "1.5"]
[White "Jones, Peter"]
[Black "Kelemen, Lajos dr"]
[Result "0-1"]
[WhiteElo "1425"]
[BlackElo "1451"]
[PlyCount "54"]
[EventDate "2010.12.04"]

1. d4 c5 2. dxc5 Qa5+ 3. Nc3 Qxc5 4. Nf3 Nf6 5. Na4 Qc7 6. Bg5 Ne4 7. Bh4 e6 8.
Ng5 Nxg5 9. Bxg5 Qa5+ 10. Qd2 Qxa4 11. Qc3 Bb4 12. O-O-O Bxc3 13. bxc3 O-O 14.
h4 f6 15. Be3 Qxa2 16. h5 f5 17. h6 g6 18. g4 Nc6 19. gxf5 Rxf5 20. Rh4 Qa1+
21. Kd2 Rd5+ 22. Bd4 Qa5 23. e3 Rxd4+ 24. exd4 Qg5+ 25. Ke1 Qxh4 26. d5 exd5
27. Rxd5 Qe4+ 0-1

[Event "First Saturday 2010 december FM-C"]
[Site "Budapest"]
[Date "2010.12.08"]
[Round "1.5"]
[White "Szabo, Miklos"]
[Black "Vujosevics, Eszter"]
[Result "0-1"]
[WhiteElo "1394"]
[BlackElo "1334"]
[PlyCount "50"]
[EventDate "2010.12.04"]

1. d4 d5 2. c4 c6 3. Nf3 Nf6 4. e3 Bg4 5. Nc3 e6 6. c5 Be7 7. Bd3 Nbd7 8. O-O
O-O 9. Re1 b6 10. b4 a5 11. cxb6 axb4 12. Na4 Bxf3 13. gxf3 Nxb6 14. Nxb6 Qxb6
15. Bb2 Bd6 16. e4 Be7 17. e5 Nd7 18. Qc2 g6 19. Bc1 b3 20. Qb2 Ba3 21. Qxb3
Bb4 22. Bh6 Bxe1 23. Bxf8 Qxb3 24. axb3 Rxa1 25. Bh6 Bd2+ 0-1

[Event "First Saturday 2010 December FM-C"]
[Site "Budapest"]
[Date "2010.12.09"]
[Round "2.1"]
[White "Merk, Andras"]
[Black "Vujosevics, Eszter"]
[Result "0-1"]
[WhiteElo "1538"]
[BlackElo "1334"]
[PlyCount "80"]
[EventDate "2010.12.04"]

1. e4 e5 2. Nc3 Nf6 3. f4 d5 4. fxe5 Nxe4 5. Qf3 Nxc3 6. dxc3 Nc6 7. Bf4 g6 8.
O-O-O Bg7 9. Qxd5 Qxd5 10. Rxd5 Be6 11. Rb5 O-O-O 12. Nf3 Bd5 13. Bd3 a6 14.
Rc5 Bf8 15. Rxd5 Rxd5 16. Bc4 Rd7 17. e6 Re7 18. exf7 Re4 19. Bg5 Rxc4 20. Re1
Kd7 21. Bf6 Bh6+ 22. Kb1 Rf8 23. Bg5 Bg7 24. Rd1+ Kc8 25. Re1 Rxf7 26. Nd2 Rg4
27. Ne4 h6 28. Bc1 Re7 29. Rf1 Rgxe4 30. Bd2 Re2 31. Kc1 Rxg2 32. h3 Ree2 33.
Rd1 Ne5 34. h4 Nf3 35. Bf4 Rxc2+ 36. Kb1 Rxb2+ 37. Ka1 Rxa2+ 38. Kb1 Rgb2+ 39.
Kc1 Bxc3 40. Rf1 Ra1# 0-1

[Event "First Saturday 2010 december FM-C"]
[Site "Budapest"]
[Date "2010.12.09"]
[Round "2.1"]
[White "Szabo, Miklos"]
[Black "Jones, Peter"]
[Result "0-1"]
[WhiteElo "1394"]
[BlackElo "1425"]
[PlyCount "78"]
[EventDate "2010.12.04"]

1. e4 b6 2. Nc3 Bb7 3. Bc4 e6 4. d3 Bb4 5. Nge2 Nf6 6. a3 Be7 7. O-O d5 8. exd5
Nxd5 9. Bb5+ c6 10. Nxd5 Qxd5 11. Bc4 Qd7 12. b4 c5 13. Nc3 O-O 14. b5 a6 15.
Rb1 Bf6 16. bxa6 Nxa6 17. Bb5 Qc7 18. Ne2 Be5 19. g3 Rfd8 20. Bf4 Nb8 21. Qc1
Nc6 22. c3 Bxf4 23. Nxf4 Na7 24. a4 Nxb5 25. axb5 Ra4 26. Ra1 Rda8 27. Qb2 h6
28. h4 e5 29. Rxa4 Rxa4 30. Qb3 Ra5 31. Nd5 Qd7 32. c4 Qd6 33. Re1 Ra8 34. Qc3
Re8 35. Nf4 Kf8 36. Ng2 f6 37. h5 Qd7 38. Ne3 Qh3 39. g4 Qh1# 0-1

[Event "First Saturday 2010 december FM-C"]
[Site "Budapest"]
[Date "2010.12.10"]
[Round "2.2"]
[White "Szabo, Miklos"]
[Black "Kelemen, Lajos dr"]
[Result "1-0"]
[WhiteElo "1394"]
[BlackElo "1451"]
[PlyCount "63"]
[EventDate "2010.12.04"]

1. d4 c5 2. Nf3 Nf6 3. c4 cxd4 4. Nxd4 e5 5. Nb5 d6 6. g3 a6 7. N5c3 Be7 8. Bg2
O-O 9. O-O Qc7 10. b3 Nc6 11. Nd5 Nxd5 12. Bxd5 Be6 13. Nc3 Bh3 14. Bg2 Be6 15.
Ba3 Rad8 16. e3 f5 17. Qe2 f4 18. Rad1 Qa5 19. Bb2 Rf7 20. Bxc6 bxc6 21. exf4
Bh3 22. Rfe1 exf4 23. Qe4 fxg3 24. hxg3 Bf5 25. Qxc6 Bg4 26. Rd5 Qb4 27. Rd3
Rdf8 28. Qd5 Bf6 29. Qxd6 Qb7 30. f3 Bxf3 31. Rxf3 Qxf3 32. Qd2 1-0

[Event "First Saturday 2010 December FM-C"]
[Site "Budapest"]
[Date "2010.12.10"]
[Round "2.2"]
[White "Jones, Peter"]
[Black "Merk, Andras"]
[Result "1/2-1/2"]
[WhiteElo "1425"]
[BlackElo "1538"]
[PlyCount "100"]
[EventDate "2010.12.04"]

1. d4 Nf6 2. Bf4 g6 3. e3 Bg7 4. Nd2 O-O 5. h4 d6 6. Be2 c5 7. Nb3 cxd4 8. exd4
Nc6 9. c3 e5 10. Bg5 exd4 11. Nxd4 Nxd4 12. Qxd4 Qe7 13. O-O-O Qe5 14. Nf3 Qxd4
15. Rxd4 Ng4 16. Rxd6 Nxf2 17. Rf1 Ne4 18. Rd5 Be6 19. Ra5 Nxg5 20. Nxg5 b6 21.
Nxe6 Bh6+ 22. Kb1 bxa5 23. Nxf8 Rxf8 24. h5 Rd8 25. hxg6 hxg6 26. Bc4 Rd7 27.
a3 Kg7 28. Re1 Rb7 29. Kc2 Kf6 30. g3 Re7 31. Rf1+ Kg7 32. Rg1 f5 33. Rd1 Be3
34. Re1 Bg5 35. Rd1 Be3 36. Rd5 Bb6 37. Rd1 Re4 38. Rd7+ Kh6 39. Bb5 Kg5 40. c4
Re3 41. Rd3 Rxd3 42. Kxd3 Bc7 43. c5 Bxg3 44. c6 Kf6 45. Ke3 Bc7 46. Kd4 g5 47.
b4 axb4 48. axb4 g4 49. Ke3 Ke6 50. Ba4 {after 10 move} 50... f4+ 1/2-1/2

[Event "First Saturday 2010 december FM-C"]
[Site "Budapest"]
[Date "2010.12.11"]
[Round "2.3"]
[White "Kelemen, Lajos dr"]
[Black "Vujosevics, Eszter"]
[Result "1-0"]
[WhiteElo "1451"]
[BlackElo "1334"]
[PlyCount "50"]
[EventDate "2010.12.04"]

1. d4 d5 2. c4 c6 3. Nc3 Nf6 4. e3 g6 5. cxd5 cxd5 6. Qb3 Bg7 7. Bb5+ Bd7 8.
Nxd5 Qa5+ 9. Bd2 Qd8 10. Bc4 O-O 11. Nxf6+ Bxf6 12. Bd5 Bc6 13. Bxc6 Nxc6 14.
Qxb7 Qd5 15. Rc1 Rac8 16. Nf3 Qd6 17. O-O Rc7 18. Qa6 Rb8 19. b3 Rb6 20. Qd3 e5
21. d5 Re7 22. Qe4 Nb4 23. Bxb4 Rxb4 24. Qb1 a5 25. Rc6 Qxd5 1-0

[Event "First Saturday 2010 December FM-C"]
[Site "Budapest"]
[Date "2010.12.11"]
[Round "2.3"]
[White "Merk, Andras"]
[Black "Szabo, Miklos"]
[Result "1-0"]
[WhiteElo "1538"]
[BlackElo "1394"]
[PlyCount "41"]
[EventDate "2010.12.04"]

1. e4 c5 2. Nf3 e6 3. d4 cxd4 4. Nxd4 Nc6 5. Nb5 d5 6. N1c3 a6 7. Nd4 Qc7 8.
exd5 Qe5+ 9. Be3 exd5 10. Nxc6 bxc6 11. Qd4 Qxd4 12. Bxd4 c5 13. Be5 Bb7 14.
O-O-O d4 15. Na4 Be7 16. Bxg7 Bf6 17. Bxh8 Bxh8 18. Bc4 Bxg2 19. Rhg1 d3 20.
Rxd3 Be4 21. Rxg8+ 1-0

[Event "First Saturday 2010 December FM-C"]
[Site "Budapest"]
[Date "2010.12.12"]
[Round "2.4"]
[White "Merk, Andras"]
[Black "Kelemen, Lajos Dr"]
[Result "1-0"]
[WhiteElo "1538"]
[BlackElo "1451"]
[PlyCount "91"]
[EventDate "2010.12.04"]

1. e4 c5 2. Nf3 e6 3. d4 cxd4 4. Nxd4 Nc6 5. Nb5 d6 6. N1c3 a6 7. Nd4 e5 8. Nf3
Nf6 9. Bc4 Be6 10. Nd5 Nxe4 11. O-O b5 12. Bb3 Nc5 13. Ng5 Nxb3 14. axb3 Be7
15. Nxe6 fxe6 16. Nc3 O-O 17. Kh1 Qd7 18. f4 b4 19. Ne4 d5 20. Ng3 Qc7 21. Qg4
Nd4 22. Be3 Nf5 23. Nxf5 exf5 24. Qf3 d4 25. Bg1 e4 26. Qd1 e3 27. Qxd4 Bc5 28.
Qc4+ Rf7 29. Rfe1 Qb6 30. Rad1 h6 31. Rd5 Be7 32. Rxf5 Raf8 33. Rxe3 Qd6 34.
Rxf7 Rxf7 35. Re6 Qd7 36. Rxa6 Bf6 37. Ra7 Qe8 38. Qxf7+ Qxf7 39. Rxf7 Kxf7 40.
Bc5 Be7 41. Bxe7 Kxe7 42. c3 Kd6 43. cxb4 Kc6 44. g4 Kb5 45. g5 h5 46. f5 1-0

[Event "First Saturday 2010 december FM-C"]
[Site "Budapest"]
[Date "2010.12.12"]
[Round "2.4"]
[White "Jones, Peter"]
[Black "Vujosevics, Eszter"]
[Result "1/2-1/2"]
[WhiteElo "1425"]
[BlackElo "1334"]
[PlyCount "83"]
[EventDate "2010.12.04"]

1. d4 d5 2. Bf4 Nf6 3. e3 c5 4. Bb5+ Bd7 5. Bxd7+ Nbxd7 6. c3 e6 7. Qb3 Qb6 8.
Nf3 c4 9. Qc2 Be7 10. Nbd2 O-O 11. Ne5 Nxe5 12. Bxe5 Nd7 13. Bg3 f6 14. h4 e5
15. Nf3 e4 16. Nd2 f5 17. h5 a5 18. Bf4 h6 19. Rh3 Kh8 20. Rg3 a4 21. a3 Nf6
22. Be5 Nxh5 23. Rh3 Nf6 24. f3 Nd7 25. Bf4 Qg6 26. Kf1 Rae8 27. Qxa4 Nb6 28.
Qc2 Rd8 29. Kf2 Bd6 30. Bxd6 Rxd6 31. Rah1 Re6 32. f4 Nd7 33. Rg3 Qf7 34. Rgh3
Nf6 35. Nf1 Ng4+ 36. Ke2 Rg6 37. Nh2 Ne5 38. Rg1 Nd3 39. g4 fxg4 40. Nxg4 Qf5
41. Rhg3 h5 42. Nh6 1/2-1/2

[Event "First Saturday 2010 december FM-C"]
[Site "Budapest"]
[Date "2010.12.13"]
[Round "2.5"]
[White "Kelemen, Lajos dr"]
[Black "Jones, Peter"]
[Result "1-0"]
[WhiteElo "1451"]
[BlackElo "1425"]
[PlyCount "94"]
[EventDate "2010.12.04"]

1. Nf3 b6 2. e4 Bb7 3. Nc3 Nf6 4. e5 Nd5 5. Bc4 Nxc3 6. bxc3 e6 7. O-O h5 8. h4
Be7 9. g3 g5 10. hxg5 Bxg5 11. d4 Be7 12. d5 exd5 13. Bxd5 c6 14. Bb3 h4 15. g4
h3 16. Nh2 Na6 17. Qf3 Rh7 18. Bf4 Nc5 19. Bc4 Ne6 20. Bxe6 dxe6 21. Rad1 Qc7
22. Qd3 Rh4 23. Qe3 Bc5 24. Qg3 Be7 25. g5 Rh8 26. g6 Rg8 27. Qxh3 Rxg6+ 28.
Ng4 c5 29. f3 Ba6 30. Rf2 Bc4 31. a3 Bd5 32. c4 Bxc4 33. Qh8+ Bf8 34. Kh2 Ke7
35. Qh4+ Ke8 36. Nf6+ Rxf6 37. Qxf6 Bd5 38. Kg3 Qc6 39. Rh1 Be7 40. Qg7 Bf8 41.
Rh8 Qb7 42. Rxf8+ Kd7 43. Rxf7+ Kc6 44. Rxb7 Kb5 45. Qe7 Rg8+ 46. Bg5 Rxg5+ 47.
Qxg5 Bxb7 1-0